000 00293nam a2200121 a 4500
008 110512s1966|||| d
100 1 _aDementiev, A.
245 1 0 _aRuskaja sovetskaja literatúra
260 _bProsveščenie
_aMoskva
_c1966
020 _c10
041 _arus.
044 _axo
_cSK
999 _c18048
_d18048